| 000 | 00570nam a2200205Ia 4500 | ||
|---|---|---|---|
| 005 | 20250326145537.0 | ||
| 008 | 250326s9999 xx 000 0 und d | ||
| 037 | _aTextbook | ||
| 040 |
_aFMSL _beng _cFMSL |
||
| 041 |
_aeng _2eng |
||
| 084 |
_aX:89A Q3;1 _qFMSL |
||
| 100 | _aChopra Sunil | ||
| 245 | 0 |
_aSupply Chain Management : Strategy,Planning & Operation _cChopra Sunil |
|
| 260 |
_aNoida _bNoida, Pearson India _c2013 |
||
| 365 | _b1300 | ||
| 490 | _v5th.ed. | ||
| 650 | _aManagement | ||
| 942 |
_cTB _hX:89A Q3;1 |
||
| 999 |
_c1307935 _d1307935 |
||